000 00486nam a22001817a 4500
003 CEME
005 20210628205203.0
008 210211b xxu||||| |||| 00| 0 eng d
020 _a81-7514-014-3
040 _c.
082 _a658.562 ARC'Q
100 _aArcaro, J.S
_974329
245 _aQuality in education an implementation handbook
260 _aNEW DELHI
_bST.LUCIE
_c1997
300 _aXII,172P
650 _aTOTAL QUALITY MANAGEMENT IN EDUCATION
_974330
942 _cBK
_2ddc
999 _c579875
_d579875